000 00345nam a2200157Ia 4500
003 OSt
005 20240316120354.0
008 170524s9999 xx 000 0 und d
020 _a190399232X
040 _cIIMTU MEERUT
100 _aVassallo- Jady
245 2 _aA big bowl of noodles
260 _bMurdoch
260 _c2004
942 _2ddc
_c02
999 _c7153
_d7153